Bài tập lý thuyết dao động; T1

Đã lưu trong:
Sonraí Bibleagrafaíochta
Príomhúdar: V A Svetliski
Formáid: Leabhar
Teanga:Undetermined
Foilsithe: Hà Nội ĐH và THCN 1983
Ábhair:
Clibeanna: Cuir Clib Leis
Gan Chlibeanna, Bí ar an gcéad duine leis an taifead seo a chlibeáil!
Thư viện lưu trữ: Trung tâm Học liệu Trường Đại học Cần Thơ
LEADER 00510nam a2200169Ia 4500
001 CTU_2267
008 210402s9999 xx 000 0 und d
082 |a 531.32076 
082 |b S960/T 
100 |a V A Svetliski 
245 0 |a Bài tập lý thuyết dao động; T1 
245 0 |c V A Svetliski; Dịch giả: Lê Xuân Cận 
260 |a Hà Nội 
260 |b ĐH và THCN 
260 |c 1983 
650 |a oscillations,vibration 
980 |a Trung tâm Học liệu Trường Đại học Cần Thơ